Statistics for Countries that Produce the Most Cinnamon

Click here to take the quiz!

General Stats

  • This quiz has been taken 101 times
  • The average score is 4 of 10

Answer Stats

ProductionCountry% Correct
51,256China
91%
73,250Indonesia
83%
15,488Vietnam
73%
13,958Sri Lanka
62%
1,949Madagascar
35%
93East Timor
18%
214Seychelles
17%
69Grenada
10%
52Dominica
9%
59São Tomé and Príncipe
5%

Score Distribution

Percentile by Number Answered

Percent of People with Each Score

Your Score History

You have not taken this quiz